00373nam a2200133 a 450000100100000000500170001000800410002704000250006808200170009310000180011024500370012826000530016530000210021800004142420201002034858.0131003s1982 xxu 000 0 eng d aDO-SdBNPbengcBNPHU axxxxxbxxxxx1 aGreen, Gerald10aKarpov“s brain /cGerald Green. aNew York :bPericord pressbBantam Books,c1982. a323 p. ;c18 cm.